[Event "Vitrolles"]
[Site "Vitrolles"]
[Date "2011.01.08"]
[Round "4"]
[White "Fayette, Sylvain"]
[Black "Collier, Timothy"]
[Result "1/2-1/2"]
[WhiteElo "1983"]
[BlackElo "2025"]
[PlyCount "123"]
[EventDate "2010.10.09"]
[EventType "tourn"]
[EventRounds "9"]
[EventCountry "FRA"]
[SourceTitle "EXT 2012"]
[Source "ChessBase"]
[SourceDate "2011.11.24"]
[SourceVersion "1"]
[SourceVersionDate "2011.11.24"]
[SourceQuality "1"]

1. e4 c6 2. d4 d5 3. Nd2 dxe4 4. Nxe4 Bf5 5. Ng3 Bg6 6. Nf3 Nd7 7. h4 h6 8. h5 Bh7 9. Bd3 Bxd3 10. Qxd3 e6 11. Bf4 Qa5+ 12. Bd2 Bb4 13. Ne4 Ngf6 14. c3 Be7 15. c4 Qc7 16. 0-0-0 b5 17. cxb5 cxb5+ 18. Kb1 Qb7 19. Nxf6+ Nxf6 20. Ne5 Qe4 21. f3 Qxd3+ 22. Nxd3 Nd5 23. g4 Rc8 24. Rc1 0-0 25. Ne5 f6 26. Nc6 Rc7 27. Nxe7+ Rxe7 28. Rc5 Rb8 29. Re1 Kf7 30. f4 Rc7 31. g5 fxg5 32. fxg5 hxg5 33. Bxg5 Rxc5 34. dxc5 Rc8 35. Rf1+ Kg8 36. Re1 Kf7 37. Rf1+ Kg8 38. Re1 Rxc5 39. Rxe6 Nc3+ 40. bxc3 Rxg5 41. h6 gxh6 42. Rxh6 a5 43. Kb2 Rc5 44. Rf6 Kg7 45. Rf3 Kg6 46. Kb3 Rc4 47. Rf1 a4+ 48. Kb2 b4 49. cxb4 Rxb4+ 50. Ka3 Re4 51. Rf2 Kg7 52. Kb2 Kg6 53. a3 Rc4 54. Rf8 Kg7 55. Rb8 Kf7 56. Rb4 Rc6 57. Rxa4 Ke7 58. Rh4 Kd7 59. Kb3 Kc7 60. a4 Kb7 61. a5 Rc1 62. Kb4 1/2-1/2

[Event "Vitrolles"]
[Site "Vitrolles"]
[Date "2010.11.06"]
[Round "2"]
[White "Busson, Benoist"]
[Black "Collier, Timothy"]
[Result "1/2-1/2"]
[WhiteElo "1986"]
[BlackElo "2025"]
[PlyCount "70"]
[EventDate "2010.10.09"]
[EventType "tourn"]
[EventRounds "9"]
[EventCountry "FRA"]
[SourceTitle "EXT 2012"]
[Source "ChessBase"]
[SourceDate "2011.11.24"]
[SourceVersion "1"]
[SourceVersionDate "2011.11.24"]
[SourceQuality "1"]

1. e4 c6 2. d4 d5 3. f3 dxe4 4. fxe4 e5 5. Nf3 Bg4 6. Bc4 Nd7 7. h3 Bxf3 8. Qxf3 Qh4+ 9. g3 Qf6 10. Qb3 b5 11. dxe5 bxc4 12. exf6 cxb3 13. fxg7 Bxg7 14. axb3 Ne7 15. Nc3 Rg8 16. Bf4 Ng6 17. Ra6 Nxf4 18. gxf4 Nb8 19. Ra5 Nd7 20. Ra6 Bxc3+ 21. bxc3 Nb6 22. Kf2 Kd7 23. Rha1 Nc8 24. R6a5 Rg7 25. Rh5 Nd6 26. Kf3 Kc7 27. c4 f6 28. Rh6 Rf7 29. Ra5 Kd7 30. Ke3 Nb7 31. Ra6 Nd6 32. Kd3 Nb7 33. b4 Kc7 34. c5 Rd8+ 35. Ke3 Rd1 1/2-1/2

[Event "Rennes op 2nd"]
[Site "Rennes"]
[Date "2009.07.20"]
[Round "6"]
[White "Foisor, Sabina Francesca"]
[Black "Collier, Timothy"]
[Result "1/2-1/2"]
[WhiteElo "2304"]
[BlackElo "1920"]
[PlyCount "119"]
[EventDate "2009.07.15"]
[EventType "swiss"]
[EventRounds "9"]
[EventCountry "FRA"]
[SourceTitle "EXT 2011"]
[Source "ChessBase"]
[SourceDate "2010.11.26"]
[SourceVersion "1"]
[SourceVersionDate "2010.11.26"]
[SourceQuality "1"]

1. d4 d6 2. c4 e5 3. Nf3 e4 4. Ng5 f5 5. Nc3 Be7 6. Nh3 Nf6 7. g3 c6 8. f3 d5 9. Nf2 0-0 10. fxe4 fxe4 11. Bg2 Be6 12. 0-0 Qd7 13. Bg5 Na6 14. a3 Rf7 15. cxd5 cxd5 16. Qa4 h6 17. Qxd7 Nxd7 18. Bxe7 Rxe7 19. Rac1 Nb6 20. b3 Rc7 21. Nb5 Rxc1 22. Rxc1 Rc8 23. Rxc8+ Nxc8 24. Nd1 Kf7 25. Kf2 Ke7 26. Ke3 g5 27. h4 Nd6 28. Nxd6 Kxd6 29. Nf2 Nc7 30. Bh3 Bxh3 31. Nxh3 Ne6 32. b4 a6 33. Nf2 Ng7 34. g4 Ne6 35. h5 b5 36. Nh1 Ng7 37. Ng3 Ke6 38. Kf2 Ke7 39. Nf1 Kd6 40. Nd2 Ne6 41. Nb3 Nc7 42. Nc5 Kc6 43. Ke3 Kd6 44. Nb7+ Kd7 45. Kd2 Ke7 46. Na5 Kd6 47. Nb3 Kc6 48. Na1 Kd6 49. Nc2 Ne6 50. Kc3 Kc6 51. Ne3 Ng7 52. a4 Kd6 53. Kd2 Kc6 54. a5 Kd6 55. Nd1 Ne6 56. e3 Nc7 57. Nf2 Ne6 58. Ke2 Ng7 59. Nh3 Ne6 60. Kf2 1/2-1/2

[Event "Rennes op 2nd"]
[Site "Rennes"]
[Date "2009.07.19"]
[Round "5"]
[White "Collier, Timothy"]
[Black "Mladenov, Plamen"]
[Result "1/2-1/2"]
[WhiteElo "1920"]
[BlackElo "2362"]
[PlyCount "53"]
[EventDate "2009.07.15"]
[EventType "swiss"]
[EventRounds "9"]
[EventCountry "FRA"]
[SourceTitle "EXT 2011"]
[Source "ChessBase"]
[SourceDate "2010.11.26"]
[SourceVersion "1"]
[SourceVersionDate "2010.11.26"]
[SourceQuality "1"]

1. e4 c5 2. a3 d6 3. b4 Nf6 4. Nc3 Nbd7 5. Nf3 g6 6. Rb1 Bg7 7. Bb5 0-0 8. Bxd7 Qxd7 9. bxc5 dxc5 10. 0-0 b6 11. Qe2 Bb7 12. d3 Nh5 13. Bd2 c4 14. dxc4 Bxc3 15. Bxc3 Nf4 16. Qe3 Nxg2 17. Qg5 f6 18. Qxg2 Bxe4 19. Qg3 Bb7 20. Rfe1 Qc6 21. Re3 Rad8 22. Bb4 Rd4 23. Rbe1 f5 24. Re6 Qxf3 25. Rxg6+ hxg6 26. Qxg6+ Kh8 27. Qh6+ 1/2-1/2

[Event "Rennes op 2nd"]
[Site "Rennes"]
[Date "2009.07.17"]
[Round "3"]
[White "Collier, Timothy"]
[Black "Song, Julien"]
[Result "0-1"]
[WhiteElo "1920"]
[BlackElo "2319"]
[PlyCount "54"]
[EventDate "2009.07.15"]
[EventType "swiss"]
[EventRounds "9"]
[EventCountry "FRA"]
[SourceTitle "EXT 2011"]
[Source "ChessBase"]
[SourceDate "2010.11.26"]
[SourceVersion "1"]
[SourceVersionDate "2010.11.26"]
[SourceQuality "1"]

1. e4 e6 2. d4 d5 3. Nd2 c5 4. Ngf3 Nf6 5. exd5 exd5 6. Bb5+ Bd7 7. Qe2+ Be7 8. dxc5 0-0 9. Bxd7 Nbxd7 10. 0-0 Bxc5 11. Nb3 Bb6 12. Bg5 Re8 13. Qd3 Qc7 14. c3 Re4 15. Bxf6 Nxf6 16. Nbd4 Rd8 17. h3 a6 18. Rad1 Ba7 19. Qb1 h5 20. Rd3 Bb8 21. Qc1 Qc8 22. Rfd1 Bf4 23. Qc2 g5 24. g3 Qxh3 25. gxf4 Ng4 26. Qd2 Rxf4 27. Re1 Ne3 0-1

[Event "Rennes op 2nd"]
[Site "Rennes"]
[Date "2009.07.15"]
[Round "1"]
[White "Le Bail, Arielle"]
[Black "Collier, Timothy"]
[Result "0-1"]
[WhiteElo "1847"]
[BlackElo "1920"]
[PlyCount "74"]
[EventDate "2009.07.15"]
[EventType "swiss"]
[EventRounds "9"]
[EventCountry "FRA"]
[SourceTitle "EXT 2011"]
[Source "ChessBase"]
[SourceDate "2010.11.26"]
[SourceVersion "1"]
[SourceVersionDate "2010.11.26"]
[SourceQuality "1"]

1. d4 d6 2. Nf3 g6 3. c4 Bg7 4. e3 Nd7 5. Nc3 e5 6. Be2 Ngf6 7. Qc2 a5 8. 0-0 0-0 9. a3 Re8 10. Ra2 c6 11. d5 Nc5 12. e4 Bd7 13. Bg5 Qc7 14. Bxf6 Bxf6 15. b4 Na6 16. Rb2 axb4 17. axb4 c5 18. Nb5 Qb8 19. bxc5 Nxc5 20. Nd2 Bd8 21. Ra2 Rxa2 22. Qxa2 Bxb5 23. cxb5 Bg5 24. f3 Be3+ 25. Kh1 Bxd2 26. Qxd2 Qa7 27. h3 Ra8 28. Qb2 Qa2 29. Rb1 Ra3 30. Bc4 Qxb2 31. Rxb2 Rc3 32. Bf1 Rc1 33. Kg1 Ra1 34. Kf2 Kf8 35. Be2 Ke7 36. Ke3 Kd8 37. Kf2 Ra3 0-1

[Event "Fouesnant op 11th"]
[Site "Fouesnant"]
[Date "2005.10.22"]
[Round "1"]
[White "Collier, Timothy"]
[Black "Gouanelle, Franck"]
[Result "0-1"]
[WhiteElo "1780"]
[BlackElo "2133"]
[PlyCount "84"]
[EventDate "2005.10.22"]
[EventType "swiss"]
[EventRounds "9"]
[EventCountry "FRA"]
[SourceTitle "EXT 2007"]
[Source "ChessBase"]
[SourceDate "2006.11.23"]
[SourceVersion "1"]
[SourceVersionDate "2006.11.23"]
[SourceQuality "1"]

1. e4 c5 2. Nf3 Nc6 3. d4 cxd4 4. Nxd4 e5 5. Nb5 d6 6. N1c3 a6 7. Na3 b5 8. Nd5 Nge7 9. Bg5 h6 10. Be3 Nxd5 11. Qxd5 Bb7 12. Qd1 Na5 13. Bd3 d5 14. exd5 Bxa3 15. bxa3 Qxd5 16. Qg4 Qxg2 17. Qxg2 Bxg2 18. Rg1 Bd5 19. Rxg7 Ke7 20. Rg3 Rac8 21. Bf5 Be6 22. Bxe6 Kxe6 23. Rc1 Nc4 24. Bd2 h5 25. Ke2 Nd6 26. Bb4 Nf5 27. Rc3 Rxc3 28. Bxc3 Rc8 29. Bb2 Rc4 30. f3 Rh4 31. Re1 Rxh2+ 32. Kd3 f6 33. f4 Rh3+ 34. Kd2 Nd6 35. fxe5 Nc4+ 36. Kc1 fxe5 37. Kb1 h4 38. Rg1 Rg3 39. Rh1 Nd2+ 40. Kc1 Nf3 41. Bc3 Rg1+ 42. Rxg1 Nxg1 0-1